000
00260nam a2200109 a 4500
005
20140414131954.0
008
110207s19uu xx 00 eng d
050
_a
TR 363.3
_b
Ch38 2006
100
_a
Charlesworth, Eric
245
_a
Blizzards!.
999
_c
112863
_d
112863